[Event "Stavanger GP C"]
[Site "Stavanger"]
[Date "2016.04.24"]
[Round "4"]
[White "Gjerstad, Viljar A"]
[Black "Rudshin, Dmitry"]
[Result "1-0"]
[WhiteElo "693"]
[BlackElo "870"]
[PlyCount "67"]
[EventDate "2016.04.22"]
[EventType "swiss"]
[EventRounds "6"]
[EventCountry "NOR"]
[SourceTitle "EXT 2024"]
[Source "ChessBase"]
[SourceDate "2023.10.10"]
[SourceVersion "1"]
[SourceVersionDate "2023.10.10"]
[SourceQuality "1"]

1. e4 c5 2. Nf3 Nc6 3. Bc4 e6 4. Nc3 Nf6 5. Qe2 Qc7 6. 0-0 a6 7. a4 b6 8. d3 g6 9. Be3 Bg7 10. Qd2 Ng4 11. Bg5 d6 12. h3 Nge5 13. Nxe5 Nxe5 14. Bh6 Nxc4 15. dxc4 Bxh6 16. Qxh6 Bb7 17. Qg7 0-0-0 18. f4 Rdf8 19. Rae1 h6 20. f5 e5 21. fxg6 Rhg8 22. Qxh6 Qe7 23. g7 Rd8 24. Rf6 Kc7 25. Ref1 Rd7 26. Qh7 Qe8 27. h4 Re7 28. h5 Rd7 29. h6 Re7 30. Qf5 Qd7 31. Qg5 Ree8 32. Rxf7 Re7 33. Rxe7 Qxe7 34. Qxe7+ 1-0